| 000 | 00912nas a2200277 i 4500 | ||
|---|---|---|---|
| 001 | 2878 | ||
| 003 | ES-MaACL | ||
| 005 | 20250217134750.0 | ||
| 007 | t| | ||
| 008 | 030423d18931897ru a| | 0 ||re d | ||
| 080 | _a351 | ||
| 245 | 0 | 0 |
_aRèglement définitif du budget de l'Empire pour l'exercice... _b: rapport présenté au Conseil de l'Empire par S. Exc. M. le Contrôleur de l'Empire. |
| 260 |
_aSaint-Pétersbourg : _b[s.n., _c18--] |
||
| 300 |
_av. ; _c26 cm. |
||
| 310 | _aAnual | ||
| 362 | 0 | _a[18--]- | |
| 525 | _aEs suplemento de: Journal de St. Pétersbourg. | ||
| 650 |
_aPresupuestos- _zRusia. _9136765 |
||
| 852 |
_aES-MaACL _jT-824-F-1-5 |
||
| 852 |
_aES-MaACL _jT-741-F-7 _z(Año 1892) |
||
| 852 |
_aES-MaACL _jT-508-F-11 _z(Año 1890) |
||
| 852 |
_aES-MaACL _jT-553-F-12 _z(Año 1889) |
||
| 852 |
_aES-MaACL _jT-662-F-4 _z.- Año 1891 |
||
| 866 | 0 | _o1889-97. | |
| 999 |
_c2878 _d2878 |
||